00680 a2200193 4500020001500000020001800015082001100033090001500044100002400059245008200083260005200165300002100217490003700238700002400275830003700299942002500336999001700361952010800378 a0821828487 a9780821828489 a516.36 c1224d12241 aHelgason, Sigurdur.10aDifferential geometry, lie groups, and symmetric spaces /cSigurdur Helgason. a[S.l.] :bAmerican Mathematical Society,c2001. a641 p. ;c27 cm.1 aGraduate studies in mathematics. aHelgason, Sigurdur. 0aGraduate studies in mathematics. aSNScBKk516.36 HEL c29837d29837 00104070aSNSbSNSd2016-05-26l1m1o516.36 HELpSNS0001291r2019-08-29s2018-09-16w2016-05-26yBK